|
|
|
|
| LEADER |
00000nam a2200000 a 4500 |
| 001 |
vtls010579445 |
| 003 |
SK-MaSNL |
| 005 |
20260302013159.0 |
| 008 |
240318s2013 xo grf 000 0 slo |
| 015 |
|
|
|a SNBA2014/03
|
| 020 |
|
|
|a 9788080742003
|q (brož.)
|
| 040 |
|
|
|a SNK
|b slo
|c SNK
|e AACR2
|
| 041 |
0 |
|
|a slo
|
| 044 |
|
|
|a xo
|c SK
|
| 072 |
|
7 |
|a 27-1/-2
|x Kresťanská teológia. Dogmatická teológia
|2 konspekt
|
| 080 |
|
|
|a 2-284
|2 2001
|
| 080 |
|
|
|a 27-312.47
|2 2001
|
| 080 |
|
|
|a (035)
|2 2001
|
| 100 |
1 |
|
|a Mášik, Peter
|4 aut
|9 362903
|
| 245 |
1 |
0 |
|a Tajomstvá zo života Panny Márie
|b praktická príručka pre každého kresťana
|c Peter Mášik
|
| 250 |
|
|
|a [1. vyd.]
|
| 260 |
|
|
|a Bratislava
|b Don Bosco
|c 2013
|
| 300 |
|
|
|a 35 s.
|b 19 cm
|
| 490 |
1 |
|
|a Viera do vrecka
|v 34
|
| 500 |
|
|
|a Názov z obalu
|
| 504 |
|
|
|a Bibliogr.: s. 35
|
| 600 |
0 |
7 |
|a Mária,
|c matka Ježišova, svätá
|2 SNKMA
|9 157751
|
| 650 |
0 |
7 |
|a Nanebovzatie Panny Márie
|2 SNKPH
|9 54974
|
| 650 |
0 |
7 |
|a Assumption of the Blessed Virgin Mary
|2 SNKPHeng
|9 353123
|
| 650 |
0 |
7 |
|a mariológia
|2 SNKPH
|9 1997
|
| 650 |
0 |
7 |
|a dogmatická teológia
|2 SNKPH
|9 1805
|
| 650 |
0 |
7 |
|a Mariology
|2 SNKPHeng
|9 303104
|
| 650 |
0 |
7 |
|a Doctrinal theology
|2 SNKPHeng
|9 319496
|
| 655 |
|
7 |
|a príručky
|2 SNKPH
|9 74364
|
| 655 |
|
7 |
|a Handbooks, manuals, etc.
|2 SNKPHeng
|9 90964
|
| 830 |
|
0 |
|a Viera do vrecka
|9 305772
|
| 852 |
|
|
|a Štátna vedecká knižnica v Banskej Bystrici
|
| 919 |
|
|
|a 978-80-8074-200-3
|
| 958 |
|
|
|a NB
|
| 958 |
|
|
|a NT
|
| 999 |
|
|
|c 1012012
|d 1013942
|
| 952 |
|
|
|a SNK
|b SNK
|y PREZ
|7 0
|p 17A1105377
|o snkSD 82959
|i snk2014/5709
|8 0
|0 0
|1 0
|4 0
|d 2014-02-28
|l 0
|r 2025-12-04 00:00:00
|w 2026-02-24
|
| 952 |
|
|
|a SNK
|b SNK
|y VYP
|7 0
|p 17A1105378
|o snkSD 82959 D1
|i snk2014/5710
|8 0
|0 0
|1 0
|4 0
|d 2014-02-28
|l 0
|r 2017-06-30 00:00:00
|w 2026-02-24
|